书目信息 |
| 题名: |
清稗类钞选
|
|
| 作者: | 徐珂 编辑 | |
| 分册: | ||
| 出版信息: | 北京 书目文献出版社 1984.4 |
|
| 页数: | 518页 | |
| 开本: | 20cm | |
| 丛书名: | ||
| 单 册: | ||
| 中图分类: | K249.6 | |
| 科图分类: | ||
| 主题词: | 中国--历史 | |
| 电子资源: | ||
| ISBN: | ||
| 000 | 00558nam0 2200205 45 | |
| 001 | 0312221749 | |
| 005 | 20040509092032.5 | |
| 010 | @dCNY1.70 | |
| 091 | @a17201.37 | |
| 100 | @a20031222d1984 km y0chiy0120 ea | |
| 101 | @achi | |
| 105 | @a z 000yy | |
| 200 | 1 | @a清稗类钞选@AQing Bai Lei Chao Xuan@f徐珂编辑@FXu Ke Bian Ji@e文学 艺术 戏剧 音乐 |
| 210 | @a北京@c书目文献出版社@d1984.4 | |
| 215 | @a518页@d20cm | |
| 606 | 0 | @a中国@x历史 |
| 690 | @aK249.6@v3 | |
| 701 | 0 | @a徐珂@4编辑 |
| 801 | @aCN@bTSTCL@c20031222 | |
| 905 | @dK249.6@e16@f2@b110794-795 | |
| 清稗类钞选/徐珂编辑:文学 艺术 戏剧 音乐.-北京:书目文献出版社,1984.4 |
| 518页;20cm |
| ISBN :CNY1.70 |
| ● |
| 相关链接 |
|
|
|
|
正题名:清稗类钞选
索取号:K249.6/16
 
预约/预借
| 序号 | 登录号 | 条形码 | 馆藏地/架位号 | 状态 | 备注 |
| 1 | 0110794 | 000581472 | 第二借阅区/ [索取号:K249.6/16] | 在馆 | |
| 2 | 0110795 | 000581481 | 第二借阅区/ [索取号:K249.6/16] | 在馆 | |
| 3 | 0110796 | 000581463 | 第二样本阅览室/ [索取号:K249.6/16] | 在馆 |